00888nam a2200253 i 4500003000900000005001700009007000300026008004100029040003000070082001300100100004100113245003900154264003600193300002800229336002700257337003400284338002800318490002600346590002700372910001400399942001400413952019000427999001700617DO-SdBNP20240419094751.0ta240419s1977 dr 000 j spa d aDO-SdBNPbspacBNPHUerda bS4892221 aSerulle, Haffe,d1947-922959eautor13aLa danza de Mingo /cHaffe Serulle 1aSanto Domingo :bTaller,c1977. a73 páginas, c21 cm. 2rdacontentatextobtxt 2rdamediaasin mediación bn 2rdacarrieravolumenbnc aBiblioteca Tallerv77 aInventariado, 2024/ YL aYLockward 2ddccLBS1 00102ddc51708PDaBNPHUbBNPHUcCTd2023-03-01eDonación l0oBNPHU PD S489p2024-2389r2024-04-19w2024-04-19yLBS1zPerteneció a la biblioteca personal de Emilio Cordero Michel c56462d56462